[Event "FRA-ch U14 Girls"]
[Site "Nimes"]
[Date "2012.04.15"]
[Round "2"]
[White "Malassagne, Isabelle"]
[Black "Garnier, Fiona"]
[Result "1-0"]
[WhiteElo "1880"]
[BlackElo "1590"]
[PlyCount "73"]
[EventDate "2012.04.14"]
[EventType "swiss"]
[EventRounds "9"]
[EventCountry "FRA"]
[SourceTitle "CBM 148 Extra"]
[Source "ChessBase"]
[SourceDate "2012.06.22"]
[SourceVersion "1"]
[SourceVersionDate "2012.06.22"]
[SourceQuality "1"]

1. d4 d5 2. c4 Nf6 3. cxd5 Nxd5 4. e4 Nb6 5. Nc3 a6 6. Nf3 Bg4 7. Be2 Bxf3 8. Bxf3 Nc6 9. d5 Ne5 10. Be2 g5 11. Bxg5 Rg8 12. Bf4 Ng6 13. Bg3 Bh6 14. a4 Bf4 15. a5 Nd7 16. Bg4 Nde5 17. Bf5 Qd6 18. 0-0 h5 19. Ne2 Bg5 20. f4 Ng4 21. fxg5 Qc5+ 22. Qd4 Qc2 23. Qa4+ Qxa4 24. Rxa4 Ne3 25. Rf3 Nd1 26. Rb4 Rb8 27. Rd3 Nxb2 28. Rxb2 Rh8 29. Bxc7 Rc8 30. Bxc8 h4 31. Rxb7 Kf8 32. Bf5 Rh5 33. Bxg6 fxg6 34. Nf4 Rh7 35. Ne6+ Ke8 36. Rf3 Rf7 37. Rb8+ 1-0